| 000 | 00716nam a2200181 a 4500 | ||
|---|---|---|---|
| 001 | 4140 | ||
| 005 | 20140414131934.0 | ||
| 008 | 090218s19uu xx 00 eng d | ||
| 050 |
_aREF 577.09 _bW85 2005 |
||
| 100 | _aWoodford, Chris | ||
| 245 | _aArctic Tundra and polar deserts. | ||
| 260 |
_aAustin, TX : _bRaintree Steck-Vaughn, _cc2002. |
||
| 500 | _aIncludes bibliographical references (p. 63). | ||
| 520 | _aA comprehensive look at the arctic tundra and polar desert biomes, examining their climate, plants, animals, people, and future, plus detailed views of some famous or important cold regions. | ||
| 650 | _aTundra ecology. | ||
| 650 |
_aEcology _xPolar regions _xMaps for children. |
||
| 999 |
_c112367 _d112367 |
||